000 00665nam a2200241Ia 4500
003 OSt
005 20220918230923.0
006 a|||||r|||| 00| 0
007 ta
008 220917b |||||||| |||| 00| 0 eng d
024 _a261,586
037 _cTextual
040 _aARTS
_cARTS
_beng
041 _2eng
_aeng
082 _aY:1p2,N82, M4
100 _aRamachandran C E
_9153510
245 0 _aAspects of Indian history and cultural
260 _aNew Delhi
_bBooks and Books
_c1984
650 _aSOCIOLOGY
700 _a Raman K V
_9103632
942 _hY:1p2,N82, M4
_cTEXL
_2CC
999 _c289286
_d289286